• 首页
  • 本馆介绍
  • 公告通知
  • 最新文献
  • 馆藏检索
  • 电子资源
  • 读者导购
  • 参考咨询
  • 我的图书馆
  • 登录
  • 详细信息显示
  • 放入我的书架
  • 预约/预借图书
  • 作者相关作品
  • 分类相关作品
  • 丛书相关作品
  • 出版社相关作品

书目信息

  • 表格格式
  • 工作单格式
  • 卡片格式
题名:
航海史上的“船”说
    
 
作者: 埃龙 著 ;徐敬周 译
分册:  
出版信息: 武汉   华中科技大学出版社  2019
页数: 127页
开本: 27cm
丛书名:
单 册:
中图分类: U674-64 , U674
科图分类:
主题词: 船舶--Chuan Bo--世界--图集
电子资源:
ISBN: 978-7-5680-4744-9
000 01254nam0 2200289 450
001 012001001204
005 20140107160610.0
010    @a978-7-5680-4744-9@b精装@dCNY98.00
099    @aCAL 012019066127
100    @a20190408d2019 ekmy0chiy50 ea
101 1  @achi@cfre
102    @aCN@b420000
105    @aa z 000yy
106    @ar
200 1  @a航海史上的“船”说@AHang Hai Shi Shang De “chuan ”shuo@e探险海洋@f(法) 让-伯努瓦·埃龙著@g徐敬周译
210    @a武汉@c华中科技大学出版社@d2019
215    @a127页@c图 (部分彩图)@d27cm
330    @a这些船都有神圣的名字, 圣玛利亚号、罗盘号、金鹿号、塔拉号; 它们都曾发现新大陆或海洋, 将人类的认知一再拓宽。如果没有它们, 哥伦布不会发现美洲, 拉佩鲁兹无法探索太平洋众岛屿, 弗朗西斯·德雷克不可能环球航行, 而南极洲也等不到让-路易·埃蒂安前来考察。本书作者让-伯努瓦·埃龙通过一幅幅精准、逼真的水彩画, 讲述航海史上的探险故事。他带领我们登上大探险家的船, 分享海洋冒险者的生活。
333    @a相关读者
517 1  @a探险海洋@ATan Xian Hai Yang
606 0  @a船舶@AChuan Bo@y世界@j图集
690    @aU674-64@v5
690    @aU674@v4
701  1 @a埃龙@AAi Long@g(Heron, Jean-Benoit)@4著
702  0 @a徐敬周@AXu Jing Zhou@4译
801  0 @aCN@b北京卓展@c20191020
905    @b1201599-602@dU674-64@e867@f4
    
    航海史上的“船”说:探险海洋/(法) 让-伯努瓦·埃龙著/徐敬周译.-武汉:华中科技大学出版社,2019
    127页:图 (部分彩图);27cm
    使用对象:相关读者
    
    ISBN 978-7-5680-4744-9(精装):CNY98.00
    这些船都有神圣的名字, 圣玛利亚号、罗盘号、金鹿号、塔拉号; 它们都曾发现新大陆或海洋, 将人类的认知一再拓宽。如果没有它们, 哥伦布不会发现美洲, 拉佩鲁兹无法探索太平洋众岛屿, 弗朗西斯·德雷克不可能环球航行, 而南极洲也等不到让-路易·埃蒂安前来考察。本书作者让-伯努瓦·埃龙通过一幅幅精准、逼真的水彩画, 讲述航海史上的探险故事。他带领我们登上大探险家的船, 分享海洋冒险者的生活。
●
相关链接 在E读中查询图书 在五车中查询图书 在当当中查询图书 在豆瓣中查询图书


正题名:航海史上的"船"说     索取号:U674-64/867         预约/预借

序号 登录号 条形码 馆藏地/架位号 状态 备注
1 1201599   212015996   第二样本阅览室/ [索取号:U674-64/867] 在馆    
2 1201600   212016003   第三借阅区/ [索取号:U674-64/867] 在馆    
3 1201601   212016012   第三借阅区/ [索取号:U674-64/867] 在馆    
4 1201602   212016021   第三借阅区/ [索取号:U674-64/867] 在馆    
唐山师范学院图书馆 欢迎您!
大连网信软件有限公司© 版权所有